[Event "VIE-ch U07 Girls"]
[Site "Ho Chi Minh City"]
[Date "2014.07.17"]
[Round "8"]
[White "Nguyen, Ngoc Phuong Quyen"]
[Black "Ly, Nguyen Ngoc Chau"]
[Result "0-1"]
[WhiteElo "1427"]
[BlackElo "1438"]
[PlyCount "45"]
[EventDate "2014.07.13"]
[EventType "swiss"]
[EventRounds "9"]
[EventCountry "VIE"]
[SourceTitle "EXT 2016"]
[Source "ChessBase"]
[SourceDate "2015.10.08"]
[SourceVersion "1"]
[SourceVersionDate "2015.10.08"]
[SourceQuality "1"]

1. d4 d5 2. g3 Nc6 3. Nf3 Nf6 4. Nc3 Bf5 5. Bg2 e6 6. 0-0 Bb4 7. Bd2 0-0 8. a3 Ba5 9. e3 Nh5 10. h3 Nf6 11. b4 Bb6 12. b5 Na5 13. Na4 Nd7 14. Nxb6 axb6 15. Bxa5 Rxa5 16. a4 Qf6 17. Ra3 Qh6 18. Kh2 Nf6 19. Ne5 Re8 20. Rc3 Be4 21. Bxe4 Nxe4 22. Rxc7 Ng5 23. h4 0-1

[Event "VIE-ch U07 Girls"]
[Site "Ho Chi Minh City"]
[Date "2014.07.15"]
[Round "5"]
[White "Ngo, Thi Kieu Tho"]
[Black "Nguyen, Ngoc Phuong Quyen"]
[Result "1-0"]
[WhiteElo "1424"]
[BlackElo "1427"]
[PlyCount "101"]
[EventDate "2014.07.13"]
[EventType "swiss"]
[EventRounds "9"]
[EventCountry "VIE"]
[SourceTitle "EXT 2016"]
[Source "ChessBase"]
[SourceDate "2015.10.08"]
[SourceVersion "1"]
[SourceVersionDate "2015.10.08"]
[SourceQuality "1"]

1. e4 e5 2. Nf3 Nc6 3. Bc4 Nd4 4. c3 Nc6 5. d3 Qf6 6. Bg5 Qg6 7. g3 Be7 8. Bxe7 Ngxe7 9. 0-0 0-0 10. Nbd2 d6 11. Nh4 Qg5 12. Qe2 Ng6 13. Qe3 Qxe3 14. fxe3 Nxh4 15. gxh4 Re8 16. Bxf7+ Kf8 17. Bxe8+ Kxe8 18. Nf3 Bh3 19. Rf2 Rd8 20. Ng5 Bg4 21. Raf1 Bh5 22. Rf5 Bg6 23. Rf8+ Ke7 24. Rxd8 Kxd8 25. Ne6+ Ke7 26. Nxg7 Bf7 27. Nf5+ Ke6 28. Nh6 Nd8 29. Ng4 Bh5 30. Nf6 Be2 31. Re1 Bxd3 32. Nxh7 Bxe4 33. Ng5+ Kd5 34. Rd1+ Kc6 35. Nxe4 d5 36. h5 Ne6 37. h6 dxe4 38. h7 Ng5 39. h8Q Nf3+ 40. Kf2 Ng5 41. Rg1 Ne6 42. Qxe5 Nc5 43. Qxc5+ Kxc5 44. h4 a5 45. h5 b5 46. h6 b4 47. h7 bxc3 48. h8Q cxb2 49. Qxb2 a4 50. Rg5+ Kc6 51. Qf6+ 1-0